| 000 | 00634cam a22002057a 4500 | ||
|---|---|---|---|
| 001 | 001165 | ||
| 003 | armpunfd | ||
| 005 | 20140612090631.0 | ||
| 008 | 020923e0####xx#a##########000#0#und#d | ||
| 040 |
_aarmpunfd _carmpunfd |
||
| 080 | _a342.4 SA 53 D | ||
| 100 | 1 | 0 | _a San Martino De Dromi, Laura |
| 245 | 1 | 0 | _aDerecho constitucional de la integracion |
| 260 |
_a Uenos Aires : Ciudad Argentina _b2002. Isbn : 987-507-229-X.692 P. |
||
| 650 | 7 |
_a Derecho Constitucional _2LEMB |
|
| 650 | 7 |
_a Derecho Constitucional _x Mercosur _2LEMB |
|
| 650 | 7 |
_a Integracion _2LEMB |
|
| 942 |
_cLB _2cdu |
||
| 945 |
_aCatalis _d2010-08-19 |
||
| 999 |
_c1156 _d231660 |
||